| 000 | 00486nam a2200169Ia 4500 | ||
|---|---|---|---|
| 005 | 20250421093535.0 | ||
| 008 | 231217s9999 xx 000 0 und d | ||
| 020 | _a9788122428148 | ||
| 082 | _a519.02462 DUK;1 R | ||
| 100 | _aDukkipati, Rao V. | ||
| 245 | 0 | _aProbability and statistics : for scientists and engineers | |
| 250 | _a1st ed. | ||
| 260 |
_c2010 _bNew age International _aNew Delhi |
||
| 300 | _axix, 546 | ||
| 650 | _aProbability,statistics,scientists | ||
| 942 | _cAA | ||
| 999 |
_c189725 _d189725 |
||